En la encrucijada / (Record no. 111459)

MARC details
000 -LEADER
campo de control de longitud fija 00774nam a2200193 4500
001 - NÚMERO DE CONTROL
campo de control 111459
003 - IDENTIFICADOR DE NÚMERO DE CONTROL
campo de control ES-MaACL
005 - FECHA Y HORA DE LA ÚLTIMA TRANSACCIÓN
campo de control 20250811063142.0
007 - CAMPO FIJO DE DESCRIPCIÓN FÍSICA--INFORMACIÓN GENERAL
campo de control de longitud fija t|
008 - DATOS DE LONGITUD FIJA--INFORMACIÓN GENERAL
campo de control de longitud fija 061121s1946 po r ||||1| spa d
100 1# - ENTRADA PRINCIPAL--NOMBRE DE PERSONA
Nombre de persona Salazar, Antonio de Oliveira,
Fechas asociadas al nombre 1889-1970
9 (RLIN) 101802
245 10 - MENCIÓN DEL TÍTULO
Título En la encrucijada /
Mención de responsabilidad, etc. Antonio de Oliveira Salazar.
260 ## - PUBLICACIÓN, DISTRIBUCIÓN, ETC.
Lugar de publicación, distribución, etc. Lisboa :
Nombre del editor, distribuidor, etc. Secretariado Nacional de la Información,
Fecha de publicación, distribución, etc. 1946.
300 ## - DESCRIPCIÓN FÍSICA
Extensión 21 p. ;
Dimensiones 22 cm.
500 ## - NOTA GENERAL
Nota general Discruso del presidente del Consejo de Ministros Sr. Oliveira Salazar, en la sesión de apertura de la primera conferencia de la Unión Nacional el 9 de Noviembre de 1946.
710 2# - ENTRADA AGREGADA--NOMBRE DE ENTIDAD CORPORATIVA
Nombre de entidad corporativa o nombre de jurisdicción como elemento de entrada Secretariado Nacional de la Información.
9 (RLIN) 6533
852 ## - LOCALIZACIÓN
Ubicación ES-MaACL
Número de control de estantería 1896-F-20
Sublocalización o colección R.27145
Holdings
Estatus retirado Estado de pérdida Estado de daño No para préstamo Colección Biblioteca de origen Biblioteca actual Ubicación en estantería Fecha de adquisición Fuente de adquisición Total de préstamos Signatura topográfica completa Código de barras Visto por última vez Precio de reemplazo Tipo de ítem Koha
        Colección de folletos Biblioteca del Ateneo de Madrid Biblioteca del Ateneo de Madrid Depósito folletos 17/01/2008     1896-F-20 1116279 23/02/2023 23/02/2023 Folleto